00389nam a2200157Ia 450000500170000000800410001704000190005804100120007708200110008910000200010024500380012026000280015830000120018665000230019885000100022120230710113142.0131103s9999 xx 000 0 und d aLoreto College aEnglish aFbGAL aGalsworthy,John 4aThe forsyte sagacJohn Galsworthy aLondonbHeinemannc1922 a783 p.  aFiction in English aLCLIB